De quelle ville vient ce rappeur ? - Statistiques

Statistiques générales
  • Ce quiz a été pris 299 fois
    253 depuis la dernière actualisation
  • Le résultat moyen est 8 sur 20
Statistiques - réponses
Rappeur Ville % Correct
Jul Marseille
95%
ZKR Roubaix
64%
Maes Sevran
64%
Koba LaD Evry
62%
Gradur Roubaix
54%
Ashe 22 Lyon
52%
Sasso Lyon
51%
MHD Paris
50%
YL Marseille
48%
Larry Strasbourg
47%
SDM Clamart
46%
PLK Clamart
45%
Remy Aubervilliers
36%
RK Meaux
36%
La Fouine Trappes
30%
Sofiane Saint-Denis
28%
Timal Champs-sur-Marne
9%
Freeze Corleone Les Lilas
8%
Denzo Grigny
7%
Lorenzo Brest
6%
Aucun quiz correspondant
Distribution des résultats
% des personnes avec chaque résultat
Percentile par nombre de réponses
Votre historique - résultats
Vous n’avez pas pris ce quiz depuis la dernière actualisation